Les pays ayant 5 lettres - une minute sprint - Statistiques

Statistiques générales
  • Ce quiz a été pris 133 fois
  • Le résultat moyen est 11 sur 25
Statistiques - réponses
continent pays % Correct
Amérique du Sud Pérou
63%
Amérique du Sud Chili
59%
Asie Chine
58%
Asie Japon
58%
Afrique Maroc
56%
Afrique Libye
53%
Oceanie Tonga
53%
Oceanie Fidji
51%
Europe Suède
51%
Oceanie Samoa
49%
Europe Grèce
48%
Amérique du Nord Haïti
48%
Afrique Ghana
46%
Afrique Bénin
44%
Europe Malte
43%
Afrique Gabon
42%
Oceanie Nauru
42%
Asie Liban
40%
Afrique Niger
36%
Asie Syrie
31%
Asie Népal
30%
Afrique Tchad
29%
Asie Qatar
27%
Asie Yémen
26%
Afrique Kenya
21%
Aucun quiz correspondant
Distribution des résultats
% des personnes avec chaque résultat
Percentile par nombre de réponses
Votre historique - résultats
Vous n’avez pas pris ce quiz